Statistics for Top Ten Tourists Attractions In Washington D.C.

Click here to take the quiz!

General Stats

  • This quiz has been taken 49 times
  • The average score is 7 of 10

Answer Stats

Hint Answer % Correct
The Clue Is Given In The Hint Above.White House
98%
This Memorial Shows The "Tall" President Sitting On A "Throne."Lincoln Memorial
98%
This Monument Is Named After The 1st President Of The U.S.Washington Monument
93%
This Is The Memorial Of The 3rd President Of The U.S.Jefferson Memorial
91%
This Is The Biggest Library In The World.Library Of Congress
80%
This Museum Is About What Is Around You And Astronomy.National Air And Space Museum
70%
This Isn't The White House, But It's Last Word Is Capitol!United States Capitol
70%
This Place Gets 24 Million Visitors A Year.National Mall
46%
This Place Is Also The Name Of The Capitol Of Guyana.Georgetown
37%
This Is Considered To Be The Spiritual Home Of This Nation.Washington National
9%

Score Distribution

Percentile by Number Answered

Percent of People with Each Score

Your Score History

You have not taken this quiz